Statistics for Bestselling Authors Quiz

Click here to take the quiz!

General Stats

  • This quiz has been taken 13,882 times
  • The average score is 10 of 24

Answer Stats

Book or Series Author % Correct
Harry Potter seriesJ. K. Rowling
97%
Oliver TwistCharles Dickens
76%
The Da Vinci CodeDan Brown
74%
The ShiningStephen King
74%
Chronicles of Narnia seriesC. S. Lewis
65%
Twilight seriesStephenie Meyer
59%
James Bond seriesIan Fleming
55%
Poirot seriesAgatha Christie
53%
The FirmJohn Grisham
44%
Goosebumps seriesR. L. Stine
43%
Jurassic Park Michael Crichton
41%
Song of Ice & Fire seriesGeorge R.R. Martin
40%
Hunger Games seriesSuzanne Collins
38%
Interview with the VampireAnne Rice
34%
Patriot GamesTom Clancy
31%
The Joy Luck ClubAmy Tan
30%
The Handmaid's TaleMargaret Atwood
30%
Bridget Jones's DiaryHelen Fielding
24%
SuperfudgeJudy Blume
23%
Bourne seriesRobert Ludlum
23%
Tuesdays with MorrieMitch Albom
17%
The World According to GarpJohn Irving
16%
The Poisonwood BibleBarbara Kingsolver
13%
The WeddingNicholas Sparks
7%

Score Distribution

Percentile by Number Answered

Percent of People with Each Score

Your Score History

You have not taken this quiz